Science Quiz

Random Science or Discovery Quiz
Score 0/20 Timer 05:00
0 Plays Today
Discovery/Contribution/Invention Scientist % Correct
Special RelativityAlbert Einstein
95.6%
Universal Law of GravitationIsaac Newton
90.5%
DynamiteAlfred Nobel
81.1%
PsychoanalysisSigmund Freud
79.4%
PenicillinAlexander Fleming
59.5%
HeliocentricityNicolaus Copernicus
53.2%
X-RaysWilhelm Conrad Röntgen
42.7%
Expanding UniverseEdwin Hubble
36.2%
The BatteryAlessandro Volta
32.5%
The World Wide WebTim Berners-Lee
27.6%
Discovery/Contribution/Invention Scientist % Correct
VulcanizationCharles Goodyear
27.5%
RadioactivityHenri Becquerel
23%
Induction MotorNikola Tesla
22.2%
The NeutronJames Chadwick
19.5%
OxygenJoseph Priestley/Carl Scheele
18.3%
Set TheoryGeorg Cantor
10.3%
The ZipperWhitcomb L. Judson
7%
Flushing ToiletJohn Harrington
6.2%
Cardiac PacemakerJohn Hopps
2.9%
Geomagnetic ReversalBernard Brunhes
1.4%

You're not logged in!

Compare scores with friends on all Sporcle quizzes.
OR
Log In

Sporcle TV

Today on Sporcle TV


Watch our educational content, quiz creation guides, and fun videos on Sporcle TV.

Show Comments

Extras

Top Quizzes Today


Score Distribution

Paid Content

Your Account Isn't Verified!

In order to create a playlist on Sporcle, you need to verify the email address you used during registration. Go to your Sporcle Settings to finish the process.

Report this User

Report this user for behavior that violates our Community Guidelines.

Details: